Los Hidalgos de la Luna / (Record no. 30023)

MARC details
000 -LEADER
campo de control de longitud fija 00560nam a2200181 i 4500
001 - NÚMERO DE CONTROL
campo de control 30023
003 - IDENTIFICADOR DE NÚMERO DE CONTROL
campo de control ES-MaACL
005 - FECHA Y HORA DE LA ÚLTIMA TRANSACCIÓN
campo de control 20230906154127.0
007 - CAMPO FIJO DE DESCRIPCIÓN FÍSICA--INFORMACIÓN GENERAL
campo de control de longitud fija t|
008 - DATOS DE LONGITUD FIJA--INFORMACIÓN GENERAL
campo de control de longitud fija 030123s1951 sp ||||1| spa d
100 1# - ENTRADA PRINCIPAL--NOMBRE DE PERSONA
Nombre de persona Baroncelli, Jean de.
9 (RLIN) 25784
245 14 - MENCIÓN DEL TÍTULO
Título Los Hidalgos de la Luna /
Mención de responsabilidad, etc. Jean de Baroncelli ; [traducción del francés por Rosa S. de Naveira].
250 ## - MENCION DE EDICION
Mención de edición [1ª ed.].
260 ## - PUBLICACIÓN, DISTRIBUCIÓN, ETC.
Lugar de publicación, distribución, etc. Barcelona :
Nombre del editor, distribuidor, etc. José Janés,
Fecha de publicación, distribución, etc. 1951 (
Fabricante Horta)
300 ## - DESCRIPCIÓN FÍSICA
Extensión 241 p. ;
Dimensiones 20 cm.
700 1# - ENTRADA AGREGADA--NOMBRE PERSONAL
Nombre de persona Naveira, Rosa S. de.
9 (RLIN) 85223
852 ## - LOCALIZACIÓN
Ubicación ES-MaACL
Número de control de estantería D-7006
Sublocalización o colección R.32026
Holdings
Estatus retirado Estado de pérdida Estado de daño No para préstamo Biblioteca de origen Biblioteca actual Ubicación en estantería Fecha de adquisición Fuente de adquisición Total de préstamos Signatura topográfica completa Código de barras Visto por última vez Precio de reemplazo Tipo de ítem Koha
        Biblioteca del Ateneo de Madrid Biblioteca del Ateneo de Madrid Sala Valle Inclán 17/01/2008     D-7006 901030996 23/02/2023 23/02/2023 Libro impreso